Méthodes mathématiques pour les sciences physiques

Gorde:
Xehetasun bibliografikoak
Egile Nagusiak: Schwartz, Laurent (Egilea), Huet, Denise (Egilea)
Formatua: Liburua
Hizkuntza:frantsesa
Argitaratua: París Hermann 1965
Edizioa:2a. ed
Gaiak:
Etiketak: Etiketa erantsi
Etiketarik gabe, Izan zaitez lehena erregistro honi etiketa jartzen!

MARC

LEADER 00000nam a2200000 a 4500
001 UCQ8485
003 CL-VaPUC
008 981210e19650000FR |||||||||||||||||fre|d
082 0 4 |a 530.15  |b SCH  |2 21 
100 0 |a Schwartz, Laurent  |e author  |9 422484 
700 0 |a Huet, Denise  |e author  |9 422485 
245 1 0 |a Méthodes mathématiques pour les sciences physiques 
250 |a 2a. ed 
300 |a 392 p 
942 |c BK 
945 |d 19981210 00:00:00  |a cmena 
260 |a París  |b Hermann  |c 1965 
650 0 |a Física   |9 227844 
650 0 |a Matemática aplicada   |9 260236 
650 0 |a Cálculo integral  |9 260103 
650 7 |a TEORIA DE DISTRIBUCION  |2 CL-VaPUC  |9 422486 
650 0 |a Transformaciones de Laplace  |9 260072 
650 0 |a Funciones   |9 263869 
583 |a last modification  |c 19981210 00:00:00  |k Rodrigo Vera 
999 |c 277734  |d 277732 
952 |0 0  |1 0  |4 0  |6 530_150000000000000_SCH_1965  |7 0  |8 A  |9 315928  |a BIBMAT  |b BIBMAT  |d 2019-11-20  |i 1306057  |o 530.15 SCH 1965  |p 1306057  |r 2025-01-07  |w 2019-11-20  |y BK  |k MAT